000 00475nam a2200157 i 4500
001 37001
003 ES-MaACL
005 20230906155501.0
007 t|
008 030219s1906 fr ||||1| fre d
100 1 _aBrunetière, Ferdinand.
_932173
245 1 3 _aLes époque du théatre françois
_b: (1636-1650) /
_cpar Ferdinand Brunetière.
260 _a[S.l. :
_bs.n.,
_c1906] (
_eCoulommiers :
_fPaul Brodard)
300 _a404 p. ;
_c19 cm.
852 _aES-MaACL
_jF-8398
999 _c37001
_d37001